Plane / directed by Jean-François Richet ; story by Charles Cumming ; produced by Lorenzo di Bonaventura [and four others]. (Record no. 20815)

000 -LEADER
fixed length control field 00958nam a22002537a 4500
008 - FIXED-LENGTH DATA ELEMENTS--GENERAL INFORMATION
fixed length control field 250527b xxu||||| |||| 00| 0 eng d
040 ## - CATALOGING SOURCE
Original cataloging agency Cagayan State University
Description conventions RDA
082 ## - DEWEY DECIMAL CLASSIFICATION NUMBER
Classification number 791.4372
Item number P7121 2023
245 ## - TITLE STATEMENT
Title Plane / directed by Jean-François Richet ; story by Charles Cumming ; produced by Lorenzo di Bonaventura [and four others].
260 ## - PUBLICATION, DISTRIBUTION, ETC. (IMPRINT)
Place of publication, distribution, etc United States :
Name of publisher, distributor, etc Lionsgate,
Date of publication, distribution, etc 2023.
300 ## - PHYSICAL DESCRIPTION
Extent 1 videofile (ca. 107 mins.) :
Other physical details sound, color.
520 ## - SUMMARY, ETC.
Summary, etc A pilot finds himself caught in a war zone after he's forced to land his commercial aircraft during a terrible storm.
521 ## - TARGET AUDIENCE NOTE
Target audience note Rated R for violence and language.
546 ## - LANGUAGE NOTE
Language note English
650 ## - SUBJECT ADDED ENTRY--TOPICAL TERM
Topical term or geographic name as entry element Action.
650 ## - SUBJECT ADDED ENTRY--TOPICAL TERM
Topical term or geographic name as entry element Thriller
700 ## - ADDED ENTRY--PERSONAL NAME
Personal name Gerard Butler, star.
700 ## - ADDED ENTRY--PERSONAL NAME
Personal name Mike Colter, star.
700 ## - ADDED ENTRY--PERSONAL NAME
Personal name Yoson An, star.
700 ## - ADDED ENTRY--PERSONAL NAME
Personal name Tony Goldwyn, star.
700 ## - ADDED ENTRY--PERSONAL NAME
Personal name Brendan Galvin, cinematographer.
700 ## - ADDED ENTRY--PERSONAL NAME
Personal name David Rosenbloom, editor.
942 ## - ADDED ENTRY ELEMENTS (KOHA)
Source of classification or shelving scheme
Item type Audio-Visual Materials
Holdings
Source of acquisition Price effective from Permanent location Date last seen Not for loan Date acquired Source of classification or shelving scheme Koha item type Collection code Shelving location Damaged status Lost status Withdrawn status Current location Full call number
Donation2025-05-27Cagayan State University - Carig Library2025-05-27 2025-05-27 Audio-Visual MaterialsElectronic Media CenterElectronic Media Center   Cagayan State University - Carig Library791.4372 P7121 2023

Cagayan State University University Library, Carig Campus
Tuguegarao City, Cagayan 3500 | www.csucarig.edu.ph

Powered by Koha